| 000 | 00691nam a22002057a 4500 | ||
|---|---|---|---|
| 999 |
_c2213 _d2213 |
||
| 003 | AR-CdUCM | ||
| 008 | 190304b ||||| |||| 00| 0 spa d | ||
| 040 |
_aMUNICIPALIDAD PROVINCIAL DEL CUSCO _cBIBLIOTECA MUNICIPAL DEL CUSCO |
||
| 082 |
_a800 / _bD69 |
||
| 100 |
_aGonzales Porto, Bompiani _97867 |
||
| 245 |
_aDiccionario Literario : _bDe Obras y Personajes de todos los tiempos y de todos los países / |
||
| 260 |
_aBarcelona : _bMontaner y Simón, S.A. _c1960. |
||
| 300 |
_a7 tomos ; _c23 cm. |
||
| 505 | _aContenido: T.1: Movimiento espirituales... | ||
| 650 |
_aDiccionario _95196 |
||
| 650 |
_aLiteratura _983 |
||
| 650 |
_aEspañol _97869 |
||
| 942 |
_2ddc _cLIBROS |
||
| 945 | _ddmma | ||